Конотативний аспект англійських, німецьких і польських ФО з компонентом "heart"/"Herz"/"serce" (на прикладі заголовків газет "The Times", "Berliner Zeitung" і "Gazeta Polska", 2012-2014) (Запис № 285374)
[ простий вигляд ]
| 000 -LEADER | |
|---|---|
| fixed length control field | 01996nam a22001577a 4500 |
| 041 ## - LANGUAGE CODE | |
| Language code of text/sound track or separate title | ukr |
| 080 ## - UNIVERSAL DECIMAL CLASSIFICATION NUMBER | |
| Universal Decimal Classification number | 09 |
| 090 ## - LOCALLY ASSIGNED LC-TYPE CALL NUMBER (OCLC); LOCAL CALL NUMBER (OCLC) | |
| Local cutter number (OCLC) ; Book number/undivided call number, CALL (RLIN) | ГАВ |
| 100 ## - MAIN ENTRY--PERSONAL NAME | |
| Personal name | Гаврилюк, Ю. С. |
| 245 ## - TITLE STATEMENT | |
| Title | Конотативний аспект англійських, німецьких і польських ФО з компонентом "heart"/"Herz"/"serce" (на прикладі заголовків газет "The Times", "Berliner Zeitung" і "Gazeta Polska", 2012-2014) |
| 260 ## - PUBLICATION, DISTRIBUTION, ETC. (IMPRINT) | |
| Place of publication, distribution, etc | Острог |
| Name of publisher, distributor, etc | КАФ |
| Date of publication, distribution, etc | 2014 |
| 300 ## - PHYSICAL DESCRIPTION | |
| Extent | 76 |
| 520 ## - SUMMARY, ETC. | |
| Summary, etc | Вступ.<br/>Розділ І. Конотативні особливості ФО в англійській, німецькій та польській мовах.<br/>1.1. Загальні положення виникнення та розвитку фразеологічної науки в англомовних країнах, в Німеччині та в Польщі<br/>1.2. Поняття фразеологізмів: характерні особливості структури й значення фразеологізмів<br/>1.3. Конотативний аспект створення образності та виразності ФО<br/>Розділ ІІ. Характеристика ФО з соматичним компонентом "heart"/"Herz"/"serce".<br/>2.1. Лексикографічна характеристика фразеологізмів з компонентом "heart"/"Herz"/"serce"<br/>2.2. Порівняльний аналіз конотативного аспекту ФО з компонентом "heart"/"Herz"/"serce" в англійській, німецькій та польській мовах<br/>2.3. Конотація англійських, німецьких і польських ФО з компонентом "heart"/"Herz"/"serce"<br/>Висновки.<br/>Список використаної літератури.<br/>Додатки. |
| -- | фразеологічна одиниця, |
| 650 ## - SUBJECT ADDED ENTRY--TOPICAL TERM | |
| Topical term or geographic name as entry element | Research Papers |
| 942 ## - ADDED ENTRY ELEMENTS (KOHA) | |
| Koha item type | Книги |
| Withdrawn status | Lost status | Source of classification or shelving scheme | Damaged status | Not for loan | Home library | Current library | Date acquired | Source of acquisition | Cost, normal purchase price | Total Checkouts | Full call number | Barcode | Date last seen | Price effective from | Koha item type |
|---|---|---|---|---|---|---|---|---|---|---|---|---|---|---|---|
| Universal Decimal Classification | ВІЛ - Відділ іноземн. літератури НБ | ВІЛ - Відділ іноземн. літератури НБ | 17/06/2014 | Акт №8 | 1.00 | 09 | 215627 | 09/11/2021 | 17/06/2014 | Книги |